|
|
|
|
| LEADER |
00000nam a2200000 a 4500 |
| 001 |
vtls001384555 |
| 003 |
SK-MaSNL |
| 005 |
20260301115637.0 |
| 008 |
160624s1999 xo 0 cze |
| 015 |
|
|
|a SNBJ1999/04-02153
|
| 035 |
|
|
|a SNK000338667
|
| 040 |
|
|
|a SNK
|b slo
|c SNK
|e AACR2
|
| 041 |
0 |
|
|a cze
|
| 044 |
|
|
|a xo
|c SK
|
| 080 |
|
|
|a 791.43(410)(086.8)
|2 1981
|
| 245 |
1 |
|
|a Hilary a Jackie
|h videozáznam
|c réžia Anand Tucker
|
| 260 |
|
|
|a Bratislava
|b Davay
|c 1999
|
| 300 |
|
|
|a 1 videokazeta (120 min.)
|b stereo, fareb., VHS systém PAL
|c 10x19 cm
|
| 511 |
|
|
|a Hrajú: Emily Watsonová, Rachel Griffithsová, James Frain
|
| 521 |
|
|
|a Mládeži do 12 r. nevhodné
|
| 650 |
0 |
7 |
|a filmy psychologické
|x videokazety
|2 SNK
|9 283653
|
| 655 |
|
7 |
|a videokazety
|2 SNK
|9 70726
|
| 700 |
1 |
|
|a Tucker, Anand
|4 aud
|9 460989
|
| 700 |
1 |
|
|a Watsonová, Emily
|4 uci
|9 460990
|
| 700 |
1 |
|
|a Griffithsová, Rachel
|4 uci
|9 460991
|
| 700 |
1 |
|
|a Frain, James
|4 uci
|9 460992
|
| 999 |
|
|
|c 722992
|d 724922
|
| 952 |
|
|
|t P65, <07>, [BOOK], {657}
|a SNK
|b SNK
|y PREZ
|7 0
|p 17A0230800
|o snkSVC 1217
|i snkJK 23/2000
|0 0
|1 0
|4 0
|d 2000-03-08
|l 0
|r 2005-01-02 00:00:00
|w 2026-02-23
|